• 首页
  • 本馆介绍
  • 公告通知
  • 最新文献
  • 馆藏检索
  • 电子资源
  • 读者导购
  • 参考咨询
  • 我的图书馆
  • 登录
  • 详细信息显示
  • 放入我的书架
  • 预约/预借图书
  • 作者相关作品
  • 分类相关作品
  • 丛书相关作品
  • 出版社相关作品

书目信息

  • 表格格式
  • 工作单格式
  • 卡片格式
题名:
心跳呼吸停止的抢救
    
 
作者: 金熊元 , 俞丽华 主编
分册:  
出版信息: 上海   上海科学技术出版社  1984
页数: 230页
开本: 19cm
丛书名:
单 册:
中图分类: R541.705.97 , R505.1
科图分类:
主题词: 心脏聚停-急救 , 急救-心脏聚停 , 呼吸暂停-急救 , 急救-呼吸暂停 , 内科学
电子资源:
ISBN:
000 00841nam0 2200313 45
001 0184009179
005 20040524111609.4
010    @dCNY0.88
091    @a14119.1698
100    @a19950516d1984 emky0chiy0121 ea
101 0  @achi
102    @aCN@b310000
105    @ay z 000yy
106    @ar
200 10 @a心跳呼吸停止的抢救@Axin tiao hu xi ting zhi de qiang jiu@f金熊元,俞丽华主编
210    @a上海@c上海科学技术出版社@d1984
215    @a230页@d19cm
606    @a心脏聚停-急救
606    @a急救-心脏聚停
606    @a呼吸暂停-急救
606    @a急救-呼吸暂停
606 0  @a内科学
690    @aR541.705.97@v3
690    @aR505.1
701  0 @a金熊元@Ajin xiong yuan@4主编
701  0 @a俞丽华@Ayu li hua@4主编
801  0 @aCN@b上海图书馆@c20040524
801  2 @aCN@bNLC@c20040524
905    @f1@b127695@dR505.1@e27=2
    
    心跳呼吸停止的抢救/金熊元,俞丽华主编.-上海:上海科学技术出版社,1984
    230页;19cm
    
    
    ISBN :CNY0.88
    
●
相关链接 在E读中查询图书 在五车中查询图书 在当当中查询图书 在豆瓣中查询图书


正题名:心跳呼吸停止的抢救     索取号:R505.1/27=2         预约/预借

序号 登录号 条形码 馆藏地/架位号 状态 备注
1 0127605   000714329   第三借阅区/ [索取号:R505.1/27=2] 在馆    
2 0127606   000714301   第二样本阅览室/ [索取号:R505.1/27=2] 在馆    
3 0127695   000714329   第三借阅区/ [索取号:R505.1/27=2] 在馆    
唐山师范学院图书馆 欢迎您!
大连网信软件有限公司© 版权所有